<?xml version="1.0" encoding="UTF-8"?>
<record
    xmlns:xsi="http://www.w3.org/2001/XMLSchema-instance"
    xsi:schemaLocation="http://www.loc.gov/MARC21/slim http://www.loc.gov/standards/marcxml/schema/MARC21slim.xsd"
    xmlns="http://www.loc.gov/MARC21/slim">

  <leader>00380nam a2200145Ia 4500</leader>
  <controlfield tag="008">150201s2000    xx            000 0 und d</controlfield>
  <datafield tag="082" ind1=" " ind2=" ">
    <subfield code="a">617.525</subfield>
    <subfield code="b">O2000F</subfield>
  </datafield>
  <datafield tag="100" ind1=" " ind2=" ">
    <subfield code="a">FONSECA,RAYMOND J.</subfield>
  </datafield>
  <datafield tag="245" ind1=" " ind2=" ">
    <subfield code="a">ORAL &amp; MAXILLOFACIAL SURGERY</subfield>
  </datafield>
  <datafield tag="250" ind1=" " ind2=" ">
    <subfield code="a">RECENT</subfield>
  </datafield>
  <datafield tag="260" ind1=" " ind2=" ">
    <subfield code="b">W.B.SAUNDERS PUBLICATION</subfield>
    <subfield code="a">PHILADELPHIA</subfield>
    <subfield code="c">2000</subfield>
  </datafield>
  <datafield tag="300" ind1=" " ind2=" ">
    <subfield code="a">1-706</subfield>
  </datafield>
  <datafield tag="650" ind1=" " ind2=" ">
    <subfield code="a">ORAL SURGERY</subfield>
  </datafield>
  <datafield tag="942" ind1=" " ind2=" ">
    <subfield code="2">ddc</subfield>
    <subfield code="c">BK</subfield>
    <subfield code="0">4</subfield>
  </datafield>
  <datafield tag="952" ind1=" " ind2=" ">
    <subfield code="0">0</subfield>
    <subfield code="1">0</subfield>
    <subfield code="2">ddc</subfield>
    <subfield code="4">0</subfield>
    <subfield code="7">0</subfield>
    <subfield code="a">FD</subfield>
    <subfield code="b">FD</subfield>
    <subfield code="d">2007-02-07</subfield>
    <subfield code="e">U.B.S.DELHI</subfield>
    <subfield code="g">45825.00</subfield>
    <subfield code="h">1</subfield>
    <subfield code="i">SGTU</subfield>
    <subfield code="l">0</subfield>
    <subfield code="o">617.525 O2000F</subfield>
    <subfield code="p">FD4091</subfield>
    <subfield code="r">2015-02-09 00:00:00</subfield>
    <subfield code="w">2012-08-08</subfield>
    <subfield code="y">BK</subfield>
    <subfield code="k">1095</subfield>
  </datafield>
  <datafield tag="952" ind1=" " ind2=" ">
    <subfield code="0">0</subfield>
    <subfield code="1">0</subfield>
    <subfield code="2">ddc</subfield>
    <subfield code="4">0</subfield>
    <subfield code="7">0</subfield>
    <subfield code="a">FD</subfield>
    <subfield code="b">FD</subfield>
    <subfield code="d">2007-02-07</subfield>
    <subfield code="e">U.B.S.DELHI</subfield>
    <subfield code="h">2</subfield>
    <subfield code="i">SGTU</subfield>
    <subfield code="l">2</subfield>
    <subfield code="o">617.525 O2000F</subfield>
    <subfield code="p">FD4092</subfield>
    <subfield code="r">2026-05-05 00:00:00</subfield>
    <subfield code="s">2026-04-27</subfield>
    <subfield code="w">2012-08-08</subfield>
    <subfield code="y">BK</subfield>
    <subfield code="k">1095</subfield>
  </datafield>
  <datafield tag="952" ind1=" " ind2=" ">
    <subfield code="0">0</subfield>
    <subfield code="1">0</subfield>
    <subfield code="2">ddc</subfield>
    <subfield code="4">0</subfield>
    <subfield code="7">0</subfield>
    <subfield code="a">FD</subfield>
    <subfield code="b">FD</subfield>
    <subfield code="d">2007-02-07</subfield>
    <subfield code="e">U.B.S.DELHI</subfield>
    <subfield code="h">3</subfield>
    <subfield code="i">SGTU</subfield>
    <subfield code="l">3</subfield>
    <subfield code="o">617.525 O2000F</subfield>
    <subfield code="p">FD4093</subfield>
    <subfield code="r">2025-07-24 00:00:00</subfield>
    <subfield code="s">2025-07-19</subfield>
    <subfield code="w">2012-08-08</subfield>
    <subfield code="y">BK</subfield>
    <subfield code="k">1095</subfield>
  </datafield>
  <datafield tag="952" ind1=" " ind2=" ">
    <subfield code="0">0</subfield>
    <subfield code="1">0</subfield>
    <subfield code="2">ddc</subfield>
    <subfield code="4">0</subfield>
    <subfield code="7">0</subfield>
    <subfield code="a">FD</subfield>
    <subfield code="b">FD</subfield>
    <subfield code="d">2007-02-07</subfield>
    <subfield code="e">U.B.S.DELHI</subfield>
    <subfield code="h">4</subfield>
    <subfield code="i">SGTU</subfield>
    <subfield code="l">0</subfield>
    <subfield code="o">617.525 O2000F</subfield>
    <subfield code="p">FD4094</subfield>
    <subfield code="r">2015-02-09 00:00:00</subfield>
    <subfield code="w">2012-08-08</subfield>
    <subfield code="y">BK</subfield>
    <subfield code="k">1095</subfield>
  </datafield>
  <datafield tag="952" ind1=" " ind2=" ">
    <subfield code="0">0</subfield>
    <subfield code="1">0</subfield>
    <subfield code="2">ddc</subfield>
    <subfield code="4">0</subfield>
    <subfield code="7">0</subfield>
    <subfield code="a">FD</subfield>
    <subfield code="b">FD</subfield>
    <subfield code="d">2007-02-07</subfield>
    <subfield code="e">U.B.S.DELHI</subfield>
    <subfield code="h">5</subfield>
    <subfield code="i">SGTU</subfield>
    <subfield code="l">0</subfield>
    <subfield code="o">617.525 O2000F</subfield>
    <subfield code="p">FD4095</subfield>
    <subfield code="r">2015-02-09 00:00:00</subfield>
    <subfield code="w">2012-08-08</subfield>
    <subfield code="y">BK</subfield>
    <subfield code="k">1095</subfield>
  </datafield>
  <datafield tag="952" ind1=" " ind2=" ">
    <subfield code="0">0</subfield>
    <subfield code="1">0</subfield>
    <subfield code="2">ddc</subfield>
    <subfield code="4">0</subfield>
    <subfield code="7">0</subfield>
    <subfield code="a">FD</subfield>
    <subfield code="b">FD</subfield>
    <subfield code="d">2007-02-07</subfield>
    <subfield code="e">U.B.S.DELHI</subfield>
    <subfield code="h">6</subfield>
    <subfield code="i">SGTU</subfield>
    <subfield code="l">1</subfield>
    <subfield code="o">617.525 O2000F</subfield>
    <subfield code="p">FD4096</subfield>
    <subfield code="r">2024-09-19 00:00:00</subfield>
    <subfield code="s">2024-09-04</subfield>
    <subfield code="w">2012-08-08</subfield>
    <subfield code="y">BK</subfield>
    <subfield code="k">1095</subfield>
  </datafield>
  <datafield tag="952" ind1=" " ind2=" ">
    <subfield code="0">0</subfield>
    <subfield code="1">0</subfield>
    <subfield code="2">ddc</subfield>
    <subfield code="4">0</subfield>
    <subfield code="7">0</subfield>
    <subfield code="a">FD</subfield>
    <subfield code="b">FD</subfield>
    <subfield code="d">2007-02-07</subfield>
    <subfield code="e">U.B.S.DELHI</subfield>
    <subfield code="h">7</subfield>
    <subfield code="i">SGTU</subfield>
    <subfield code="l">2</subfield>
    <subfield code="o">617.525 O2000F</subfield>
    <subfield code="p">FD4097</subfield>
    <subfield code="r">2023-03-10 00:00:00</subfield>
    <subfield code="s">2023-03-09</subfield>
    <subfield code="w">2012-08-08</subfield>
    <subfield code="y">BK</subfield>
    <subfield code="k">1095</subfield>
  </datafield>
  <datafield tag="999" ind1=" " ind2=" ">
    <subfield code="c">3555</subfield>
    <subfield code="d">3555</subfield>
  </datafield>
</record>
